000
00301nam a22001337a 4500
008
170718b xxu||||| |||| 00| 0 eng d
020
_a
9780061448706
041
_a
eng
080
_a
2
100
_a
24
101
_a
TEO
245
_a
A PEOPLE'S HISTORY OF CHRISTIANITY
_c
BASS, D.B
942
_2
udc
_c
BK
999
_c
21430
_d
21430